Miesto malých a stredných podnikov v štruktúre podnikateľských subjektov
Vymedzenie podstaty malého podniku. Špecifiká a prednosti malého podniku. Problémy malých firiem. Prístupy k znižovaniu rizika podnikania v malej firme. Rizikový manažment. Skúsenosti z fungovania malých a stredných firiem vo svete.
Gespeichert in:
| 1. Verfasser: | |
|---|---|
| Format: | Buchkapitel |
| Sprache: | Slowakisch |
| Schlagworte: | |
| Tags: |
Keine Tags, Fügen Sie das erste Tag hinzu!
|
MARC
| LEADER | 00000naa a2200000 4500 | ||
|---|---|---|---|
| 001 | r031748 | ||
| 005 | 20230919081318.4 | ||
| 041 | 0 | |a slo | |
| 044 | |a SK | ||
| 245 | 1 | 0 | |a Miesto malých a stredných podnikov v štruktúre podnikateľských subjektov |c Peter Kuzmišin |
| 520 | |a Vymedzenie podstaty malého podniku. Špecifiká a prednosti malého podniku. Problémy malých firiem. Prístupy k znižovaniu rizika podnikania v malej firme. Rizikový manažment. Skúsenosti z fungovania malých a stredných firiem vo svete. | ||
| 610 | 2 | 0 | |a podnik stredný |
| 610 | 2 | 0 | |a podnik malý |
| 610 | 2 | 0 | |a veľkosť podnikov |
| 610 | 2 | 0 | |a podnikanie |
| 610 | 2 | 0 | |a podpora podnikania |
| 610 | 2 | 0 | |a riziko podnikateľské |
| 610 | 2 | 0 | |a manažment |
| 610 | 2 | 0 | |a podnikanie malé |
| 610 | 2 | 0 | |a podnikanie stredné |
| 100 | 1 | |a Kuzmišin, Peter | |